| 000 | 00615nam a2200229 a 4500 | ||
|---|---|---|---|
| 999 |
_c1978 _d1978 |
||
| 001 | 1978 | ||
| 003 | BD-JhCC | ||
| 005 | 20171028090354.0 | ||
| 008 | 171028s2009 bg a|||| ||a| 000 0 ben d | ||
| 020 | _a9844585732 | ||
| 035 | _a(BD-JhCC) 1978 | ||
| 040 |
_aBD-JhCC _dBD-JhCC |
||
| 041 | _aben | ||
| 082 |
_a891.443 _bHAQ 2009 |
||
| 100 | _aহক, আনিসুল | ||
| 245 |
_aআলো-অন্ধকারে যাই / _c আনিসুল হক |
||
| 260 |
_aঢাকা : _bসময় , _c2009 |
||
| 300 |
_a200 p .: _c22 cm . |
||
| 650 | _aBengali Novel | ||
| 942 |
_2ddc _cBK |
||